000
00199 a2200097 4500
001
59953
100
_a
245
_a
Rah Naward-i-Shauq
260
_a
Lahore
_b
_c
2008
090
_c
36793
_d
36793
942
_a
NUST-CAE
_c
MONOGRAPH
_c
29772
999
_c
295026
_d
295026